Somebody told me - The Killers - Statistics

General Stats
  • This quiz has been taken 62 times
  • The average score is 223 of 302
Answer Stats
Lyrics % Correct
to
98%
you
98%
a
95%
i
93%
me
93%
somebody
93%
told
93%
boyfriend
91%
had
91%
girlfriend
89%
like
89%
who
89%
your
89%
in
86%
my
86%
just
84%
know
84%
looked
84%
it
82%
and
80%
do
80%
that
80%
name
77%
back
75%
it's
75%
i've
75%
of
75%
Breakin'
73%
breakin'
73%
not
73%
down
70%
got
70%
last
70%
place
70%
this
70%
february
68%
potential
68%
said
68%
year
68%
but
66%
tonight
66%
confidential
64%
don't
64%
when
64%
with
64%
ain't
61%
Bring
61%
bring
61%
heaven
61%
17
59%
close
59%
is
59%
never
59%
baby
57%
i'd
57%
now
57%
well
57%
around
55%
'cause
55%
for
55%
game
55%
please
55%
rushing
55%
thought
55%
tracks
55%
all
52%
goes
52%
let
50%
anything
48%
maybe
48%
i'm
45%
ruin
45%
moonlight
43%
rumor
43%
want
43%
miss
41%
yourself
41%
blink
39%
might
39%
new
39%
something
39%
then
39%
without
39%
roll
36%
try
36%
let's
34%
onto
34%
leaving
32%
ready
32%
takin'
32%
pace
30%
toll
30%
No matching quizzes found
Score Distribution
Percent of People with Each Score
Percentile by Number Answered
Your Score History
You have not taken this quiz